[Event "Airthings Masters - Torneo Preliminare"]
[Site "Internet"]
[Date "03.02.2023"]
[Round "4"]
[White "Hakobyan, Aram"]
[Black "Tristan, Leonardo"]
[Result "1-0"]
[WhiteTitle ""]
[BlackTitle ""]
[WhiteElo "2620"]
[BlackElo "2545"]
[WhiteFideId "13306677"]
[BlackFideId "113816"]
[EventDate "2023.02.03"]

1. e4 e5 2. Nf3 Nc6 3. Bb5 a6 4. Ba4 Nf6 5. O-O Nxe4 6. d4 Be7 7. Re1 b5 8. Rxe4
d5 9. Nxe5 Nxe5 10. Rxe5 bxa4 11. Nc3 O-O 12. Rxd5 Bd6 13. Bg5 Qd7 14. Bf4 a3
15. Bxd6 cxd6 16. Rb1 Qc6 17. Rg5 axb2 18. Nd5 Ra7 19. Rxb2 f5 20. Nf4 Re7 21.
h4 Rfe8 22. Qd2 Qe4 23. Rb3 Qe1+ 24. Qxe1 Rxe1+ 25. Kh2 R1e4 26. Nh5 Rxh4+ 27.
Kg3 Rg4+ 28. Rxg4 fxg4 29. Rb6 Rd8 30. Rc6 Kf7 31. Rc7+ Bd7 32. Ra7 g5 33. f3
gxf3 34. Kxf3 Kg6 35. Ng3 Bc6+ 36. Kf2 Rf8+ 37. Kg1 Ra8 38. Rc7 Bd5 39. Rd7 Bxa2
40. Rxd6+ Kf7 41. Ne4 g4 42. Kf2 a5 43. Ke3 a4 44. Rf6+ Kg7 45. Rf1 Bd5 46. Kd3
Rc8 47. Nd6 Rc6 48. Nf5+ Kh8 49. Ne3 Bg8 50. c4 h5 51. d5 Rb6 52. c5 Rb3+ 53.
Kd4 a3 54. c6 a2 55. Ra1 Rb4+ 56. Nc4 Rb5 57. Ne3 Rb4+ 58. Kc5 Rb3 59. Nf5 Rd3
60. Ne7 Bf7 61. c7 Rc3+ 62. Kd6 Kg7 63. c8=Q 1-0

[Event "Airthings Masters - Torneo Preliminare"]
[Site "Internet"]
[Date "03.02.2023"]
[Round "4"]
[White "Nesterov, Arseniy"]
[Black "Omelja, Artem"]
[Result "1-0"]
[WhiteTitle ""]
[BlackTitle ""]
[WhiteElo "2568"]
[BlackElo "2437"]
[WhiteFideId "24198455"]
[BlackFideId "14119846"]
[EventDate "2023.02.03"]

1. d4 Nf6 2. c4 e6 3. Nf3 d5 4. Nc3 Nbd7 5. cxd5 exd5 6. Bg5 c6 7. e3 Be7 8. Qc2
O-O 9. Bd3 Re8 10. O-O h6 11. Bf4 Nf8 12. h3 Bd6 13. Bxd6 Qxd6 14. Rab1 Ne6 15.
b4 Ng5 16. Ne5 Rxe5 17. dxe5 Qxe5 18. Rfe1 Nxh3+ 19. gxh3 Qg5+ 20. Kh2 Qh5 21.
Bf1 Ng4+ 22. Kg3 Nf6 23. Rbc1 g5 24. f3 Qh4+ 25. Kh2 Qxb4 26. Qf2 Bf5 27. e4 Bg6
28. exd5 Qf4+ 29. Kg1 cxd5 30. Rcd1 Rd8 31. Rd4 Qc7 32. Rc1 Kg7 33. Rdd1 Qf4 34.
Qd4 Qg3+ 35. Bg2 Bf5 36. Re1 Kg6 37. Rcd1 b6 38. Qf2 Qf4 39. Ne2 Qc4 40. Nd4 Bc8
41. Rc1 Qb4 42. Nc6 Qd6 43. Nxd8 Qxd8 44. f4 g4 45. f5+ Bxf5 46. Rf1 Qd7 47.
hxg4 Nxg4 48. Qf4 h5 49. Rcd1 Be6 50. Be4+ Kg7 51. Qg5+ Kf8 52. Bxd5 Qc7 53. Qf4
Qc5+ 54. Qd4 Qc7 55. Rd2 Qg3+ 56. Rg2 Qd6 57. Qh8+ Ke7 58. Bxe6 Qxe6 59. Qd4 Kf8
60. Qf4 Qd7 61. Rd2 Qe7 62. Qd6 1-0

[Event "Airthings Masters - Torneo Preliminare"]
[Site "Internet"]
[Date "03.02.2023"]
[Round "4"]
[White "Tan, Zhongyi"]
[Black "Rakhmanov, Aleksandr"]
[Result "1-0"]
[WhiteTitle ""]
[BlackTitle ""]
[WhiteElo "2530"]
[BlackElo "2635"]
[WhiteFideId "8603642"]
[BlackFideId "4173708"]
[EventDate "2023.02.03"]

1. d4 Nf6 2. c4 d6 3. Nf3 g6 4. Nc3 Bf5 5. Qb3 b6 6. g3 Bg7 7. Bg2 Nc6 8. O-O
O-O 9. Qd1 Ne4 10. Nd5 Nf6 11. Nxf6+ exf6 12. Nh4 Bd7 13. e4 f5 14. exf5 Nxd4
15. fxg6 hxg6 16. Bh6 Bxh6 17. Qxd4 Bg7 18. Qd5 Qf6 19. Rae1 c6 20. Qd3 Rfe8 21.
b3 Rxe1 22. Rxe1 Re8 23. Rd1 Bf8 24. Nf3 Qb2 25. Nd4 c5 26. Bd5 Kg7 27. Nf3 Bf5
28. Qd2 Re2 29. Qxb2+ Rxb2 30. Rd2 Rb1+ 31. Kg2 Be7 32. h4 Bf6 33. Bc6 Rb2 34.
Rxd6 Rxa2 35. Bd7 Be4 36. Bc6 Bxf3+ 37. Kxf3 Bd4 38. Rd7 Rxf2+ 39. Ke4 Kh6 40.
Rxa7 f5+ 41. Kd5 Rf3 42. b4 Rxg3 43. b5 f4 44. Rf7 f3 45. Kd6 f2 46. Be4 Rg4 47.
Bd3 Rxh4 48. Kc6 Rh3 49. Bf1 Rh1 50. Be2 g5 51. Bd3 Bg7 52. Rxf2 g4 53. Rf4 Kg5
54. Rf5+ Kh4 55. Rf7 Bh6 56. Kxb6 Re1 57. Rf1 Re3 58. Rh1+ Kg5 59. Rd1 Bf8 60.
Bf1 g3 61. Rd8 Be7 62. Rg8+ Kf4 63. Kc6 Re6+ 64. Kd7 Re1 65. Bh3 Bg5 66. b6 Re7+
67. Kc6 Rh7 68. b7 Rxb7 69. Kxb7 1-0

[Event "Airthings Masters - Torneo Preliminare"]
[Site "Internet"]
[Date "03.02.2023"]
[Round "4"]
[White "Guliyev, Namig"]
[Black "Oparin, Grigoriy"]
[Result "1-0"]
[WhiteTitle ""]
[BlackTitle ""]
[WhiteElo "2528"]
[BlackElo "2667"]
[WhiteFideId "13400363"]
[BlackFideId "24125890"]
[EventDate "2023.02.03"]

1. e4 e5 2. Nf3 Nc6 3. Bb5 Nge7 4. O-O Ng6 5. c3 d5 6. d3 Be7 7. Nbd2 O-O 8. Re1
Be6 9. Qa4 a5 10. Bxc6 bxc6 11. Qxc6 a4 12. d4 dxe4 13. Qxe4 f5 14. Qe2 e4 15.
Nc4 c5 16. dxc5 Bxc5 17. Ng5 Bd5 18. Rd1 h6 19. Be3 hxg5 20. Bxc5 Nf4 21. Qe3
Nd3 22. Bxf8 Bxc4 23. Ba3 Qf6 24. Qd4 Qf7 25. b3 axb3 26. axb3 Bxb3 27. Rdb1 Nf4
28. Kh1 Rc8 29. Bd6 Ne6 30. Qe5 Bc4 31. Rb8 Rxb8 32. Bxb8 Kh7 33. Bd6 Kg6 34.
Bc5 Qb7 35. h3 Qb2 36. Ra7 Qd2 37. Bd4 Qf4 38. Qxf4 gxf4 39. Kg1 Kh6 40. Rd7 g5
41. Rd6 g4 42. Be5 Kg5 43. Rc6 Bd5 44. Rd6 Bc4 45. hxg4 fxg4 46. Rc6 Bd5 47. Rc8
Kf5 48. Bd4 Bb3 49. Ra8 Bc4 50. Ra5+ Kg6 51. Re5 Ng5 52. Rc5 Bd3 53. Be5 Ne6 54.
Rd5 Bc4 55. Ra5 Bd3 56. g3 fxg3 57. fxg3 e3 58. Bf4 e2 59. Bd2 Kf6 60. Kf2 Ng7
61. Ke3 Bc4 62. Ke4 Ke7 63. Rg5 Ne6 64. Rxg4 Kf6 65. Ke3 Bb5 66. Rb4 Ba6 67. c4
Ke5 68. Bc3+ Kf5 69. Kxe2 Ke4 70. Kd2 Nc5 71. Kc2 Nd3 72. Ra4 Nc5 73. Ra5 1-0

[Event "Airthings Masters - Torneo Preliminare"]
[Site "Internet"]
[Date "03.02.2023"]
[Round "4"]
[White "Sankalp, Gupta"]
[Black "Narayanan, S.L."]
[Result "0-1"]
[WhiteTitle ""]
[BlackTitle ""]
[WhiteElo "2504"]
[BlackElo "2669"]
[WhiteFideId "5097010"]
[BlackFideId "5058422"]
[EventDate "2023.02.03"]

1. d4 d5 2. Nf3 Bf5 3. Bf4 e6 4. e3 c5 5. Nbd2 Nc6 6. Bb5 Bd6 7. dxc5 Bxc5 8. c4
Ne7 9. O-O O-O 10. Nb3 Bb6 11. cxd5 Nxd5 12. Bxc6 bxc6 13. Be5 c5 14. Rc1 Rc8
15. Qe2 Bg4 16. Rfd1 f6 17. Bg3 c4 18. Na1 Qe8 19. Rxc4 Rxc4 20. Qxc4 Qh5 21. e4
Bxf3 22. gxf3 Qxf3 23. Rd3 Ne3 24. fxe3 Bxe3+ 25. Rxe3 Qxe3+ 26. Bf2 Qg5+ 27.
Kf1 Qg4 28. Nc2 h5 29. Bxa7 f5 30. Qxe6+ Kh7 31. Ke1 Rf6 32. Qe5 fxe4 33. Bf2
Qf3 34. Qg3 Qf5 35. a3 Qd5 36. Bd4 Rg6 37. Qe5 Qd7 38. Qxe4 Qh3 39. Be5 Qe6 40.
Nd4 Qc4 41. Kd2 Qf7 42. Nf3 Kg8 43. Ke3 Rg4 44. Qa8+ Kh7 45. Qc8 Qg6 46. Qb7 Qc2
47. h4 Qc1+ 48. Nd2 Qe1+ 49. Kd3 Qxe5 50. Nf3 Qf5+ 51. Kd2 Rg2+ 52. Ke3 Qe6+ 53.
Kd3 Qg6+ 54. Ke3 Qe6+ 55. Kd3 Qf5+ 56. Ke3 Rg4 57. Ng5+ Kh6 58. Nf7+ Kg6 59. Ng5
Rxh4 60. Nf3 Rg4 61. a4 h4 62. Qb6+ Kh7 63. a5 Re4+ 64. Kf2 Qf4 65. a6 Qg3+ 0-1

[Event "Airthings Masters - Torneo Preliminare"]
[Site "Internet"]
[Date "03.02.2023"]
[Round "4"]
[White "Arjun, Kalyan"]
[Black "Jumabayev, Rinat"]
[Result "1/2-1/2"]
[WhiteTitle ""]
[BlackTitle ""]
[WhiteElo "2516"]
[BlackElo "2609"]
[WhiteFideId "35018701"]
[BlackFideId "13702661"]
[EventDate "2023.02.03"]

1. e4 e6 2. d4 d5 3. Nc3 Nf6 4. e5 Nfd7 5. f4 c5 6. Nf3 Nc6 7. Be3 a6 8. a3 b5
9. Bd3 b4 10. axb4 Nxb4 11. O-O Be7 12. dxc5 Nxc5 13. Bxc5 Bxc5+ 14. Kh1 h6 15.
Ne2 O-O 16. c3 Nxd3 17. Qxd3 a5 18. b4 Ba6 19. b5 Bb7 20. f5 exf5 21. Qxf5 a4
22. Ned4 a3 23. e6 Qe7 24. Qe5 Qd6 25. Qxd6 Bxd6 26. Nf5 Bc5 27. N3d4 Bc8 28.
Nb3 fxe6 29. Nxc5 Rxf5 30. Rxf5 exf5 31. b6 Rb8 32. Rxa3 Rxb6 33. Kg1 Kf7 34.
Ra7+ Kf6 35. Rc7 Be6 36. Nxe6 Rxe6 37. Rd7 Re5 38. Kf2 f4 39. g3 fxg3+ 40. hxg3
h5 41. Rc7 g5 42. c4 Rf5+ 43. Ke2 d4 44. c5 g4 45. c6 Rc5 46. Rc8 Rc3 47. c7 Kg7
48. Kf2 Rc2+ 49. Kf1 d3 50. Rd8 d2 51. Rxd2 Rxc7 52. Kf2 Kf6 53. Rd5 Rc2+ 54.
Kg1 Kg6 55. Rd6+ Kf5 56. Rd5+ Kg6 57. Rd6+ Kg7 58. Rd5 Rc1+ 59. Kg2 Kg6 60. Rd6+
Kf5 61. Rd5+ Ke4 62. Rxh5 Rc2+ 63. Kg1 Kf3 64. Ra5 Re2 65. Ra3+ Re3 66. Ra1 Kxg3
67. Rb1 Kh3 68. Rc1 Rg3+ 69. Kh1 Rg2 70. Rc3+ Rg3 71. Rc1 Rd3 72. Kg1 Rf3 73.
Rb1 g3 74. Rc1 Rd3 75. Rb1 Rc3 76. Ra1 Rb3 77. Rc1 Rb2 78. Ra1 Rh2 79. Rb1 Rg2+
80. Kh1 Rf2 81. Kg1 Rf3 82. Ra1 1/2-1/2

[Event "Airthings Masters - Torneo Preliminare"]
[Site "Internet"]
[Date "03.02.2023"]
[Round "4"]
[White "Kovalev, Vladislav"]
[Black "Azarov, Sergei"]
[Result "1-0"]
[WhiteTitle ""]
[BlackTitle ""]
[WhiteElo "2623"]
[BlackElo "2559"]
[WhiteFideId "13504398"]
[BlackFideId "13501470"]
[EventDate "2023.02.03"]

1. e4 e5 2. Nf3 Nc6 3. Bb5 a6 4. Ba4 Nf6 5. O-O Be7 6. d3 b5 7. Bb3 d6 8. a3 O-O
9. Nc3 Bg4 10. Be3 Nd4 11. Bxd4 exd4 12. Nd5 Nd7 13. h3 Bxf3 14. Qxf3 c6 15.
Nxe7+ Qxe7 16. Qg3 Nc5 17. Ba2 Na4 18. Rab1 c5 19. f4 Nb6 20. Rbe1 Kh8 21. e5 c4
22. Qf2 dxe5 23. fxe5 Rad8 24. Re4 cxd3 25. cxd3 Nd7 26. Rxd4 Nxe5 27. Rxd8 Rxd8
28. d4 Nc4 29. Bxc4 bxc4 30. Qxf7 Qxf7 31. Rxf7 h5 32. Rf4 Kh7 33. d5 Rxd5 34.
Rxc4 Rd2 35. Rb4 a5 36. Rb5 Kh6 37. a4 h4 38. b4 axb4 39. Rxb4 g5 40. Kf1 Kg6
41. Rg4 Kf5 42. Ke1 Ra2 43. Kd1 Kf6 44. Kc1 Rf2 45. Kb1 Rf5 46. Kb2 Ke6 47. Kb3
Kd6 48. Kb4 Kc6 49. Kc4 Ra5 50. Kd3 Rf5 51. Ke3 Rc5 52. Kd3 Rf5 53. Rc4+ Kb6 54.
Rb4+ Kc6 55. Rb5 Rf4 56. Rxg5 Rxa4 57. Ke3 Kd6 58. Kf3 Ra8 59. Kg4 Rh8 60. Rh5
Rg8+ 61. Kf3 Ra8 62. Rxh4 Ke5 63. Rh5+ Kf6 64. Kg3 Ra3+ 65. Kh4 Kg6 66. g4 Rb3
67. Rc5 Ra3 68. Rc6+ Kg7 69. g5 Rb3 70. Kg4 Ra3 71. h4 Ra4+ 72. Kh5 Ra7 73. Rg6+
Kh7 74. Re6 Kg7 75. Rf6 Kh7 76. Kg4 Kg7 77. h5 Ra4+ 78. Rf4 Ra1 79. h6+ Kg6 80.
Rf6+ Kh7 81. Rf7+ Kg8 82. Rb7 Ra4+ 83. Kh5 Ra8 84. Rb5 Rc8 85. Rf5 Ra8 86. Rd5
Rb8 87. g6 Ra8 88. Kg5 Rb8 89. Rd6 Ra8 90. Kf6 Rb8 91. Ke7 1-0

[Event "Airthings Masters - Torneo Preliminare"]
[Site "Internet"]
[Date "03.02.2023"]
[Round "4"]
[White "Iniyan, P"]
[Black "Kamsky, Gata"]
[Result "1-0"]
[WhiteTitle ""]
[BlackTitle ""]
[WhiteElo "2514"]
[BlackElo "2664"]
[WhiteFideId "25002767"]
[BlackFideId "2000024"]
[EventDate "2023.02.03"]

1. d4 d5 2. c4 c6 3. Nc3 Nf6 4. Nf3 a6 5. g3 Bf5 6. Bg2 e6 7. Nh4 Bg6 8. Nxg6
hxg6 9. Qd3 Nbd7 10. Bf4 Be7 11. h3 Nb6 12. b3 Nbd7 13. g4 Qa5 14. O-O O-O 15.
a3 Rfe8 16. Bg3 Qd8 17. Ra2 g5 18. Rd1 Nf8 19. e4 dxe4 20. Nxe4 Nxe4 21. Bxe4
Bd6 22. Bxd6 Qxd6 23. Qe3 Qe7 24. a4 a5 25. Re2 Rad8 26. d5 cxd5 27. cxd5 Rd6
28. Rde1 b6 29. Bg2 Nd7 30. f4 gxf4 31. Qxf4 e5 32. Qg3 Rc8 33. g5 b5 34. axb5
Rb6 35. Qg4 Rf8 36. Be4 g6 37. h4 Nc5 38. Bc2 Rxb5 39. Rxe5 Qa7 40. Qd4 Rb4 41.
Qf2 Qb6 42. d6 Nxb3 43. Qxb6 Rxb6 44. d7 Nd4 45. Re8 Rd6 46. Rxf8+ Kxf8 47. Re8+
Kg7 48. d8=Q Rxd8 49. Rxd8 Nxc2 50. Ra8 Nd4 51. Kg2 Nf5 52. Kh3 Nd6 53. Rxa5 Kf8
54. Ra6 Nf5 55. Kg4 Ng7 56. Ra8+ Ke7 57. Kf4 Nh5+ 58. Ke5 Ng7 59. Ra7+ Kf8 60.
Ra8+ Ke7 61. Rb8 Nh5 62. Rb7+ Kf8 63. Rb3 Ke7 64. Re3 Ng7 65. Kd5+ Kf8 66. Rf3
Ke7 67. Ke5 Nh5 68. Ra3 Ng7 69. Ra7+ Kf8 70. Kd5 Nh5 71. Kd6 Ng3 72. Ra8+ Kg7
73. Ra5 Kf8 74. Kd7 1-0

[Event "Airthings Masters - Torneo Preliminare"]
[Site "Internet"]
[Date "03.02.2023"]
[Round "4"]
[White "Darini, Pouria"]
[Black "Paravyan, David"]
[Result "1-0"]
[WhiteTitle ""]
[BlackTitle ""]
[WhiteElo "2405"]
[BlackElo "2586"]
[WhiteFideId "12502200"]
[BlackFideId "4194985"]
[EventDate "2023.02.03"]

1. Nf3 Nf6 2. c4 c5 3. b3 d5 4. cxd5 Nxd5 5. Bb2 Nc6 6. Nc3 Nxc3 7. dxc3 Bf5 8.
e3 Qc7 9. Nh4 Be6 10. Bb5 a6 11. Bxc6+ Qxc6 12. c4 Qe4 13. Nf3 f6 14. O-O Bg4
15. Nd2 Qe6 16. Qc2 Qc6 17. f3 Bh5 18. Qe4 Qxe4 19. Nxe4 Rc8 20. Rfd1 Bg6 21.
Rd2 Bxe4 22. fxe4 e6 23. Rad1 Be7 24. Bc3 b6 25. e5 f5 26. a4 a5 27. Rd6 Rd8 28.
Rxd8+ Bxd8 29. Kf2 Bc7 30. Kf3 Rf8 31. h4 g6 32. g3 h6 33. Rd2 Ke7 34. Rd1 Rg8
35. Rd2 Rh8 36. Rh2 Rd8 37. Ke2 Kf7 38. Rh3 Kg7 39. Rh1 g5 40. h5 g4 41. Rf1 Rd7
42. Rf4 Rf7 43. e4 Kf8 44. Rf1 Ke7 45. Ke3 Rf8 46. Rf2 Kd7 47. Rd2+ Kc6 48. Rf2
Bd8 49. exf5 exf5 50. Rf1 Bg5+ 51. Ke2 Kc7 52. Bd2 Bxd2 53. Kxd2 Kd7 54. Ke3 Ke6
55. Rd1 Kxe5 56. Rd5+ Ke6 57. Kf4 Rg8 58. Re5+ Kd6 59. Rd5+ Ke6 60. Re5+ Kd6 61.
Rxf5 Ke6 62. Re5+ Kf6 63. Rd5 Ke6 64. Re5+ Kf6 65. Rd5 Ke7 66. Re5+ Kd6 67. Rd5+
Ke7 68. Re5+ Kf7 69. Rf5+ Ke7 70. Ke5 Rg7 71. Rf6 Rg5+ 72. Rf5 Rg8 73. Kf4 Rd8
74. Re5+ Kf6 75. Rd5 Rf8 76. Kxg4 Ke6 77. Rd3 Rf1 78. Re3+ Kd6 79. Rf3 Rb1 80.
Kf5 Re1 81. Kg6 Ke5 82. Kxh6 Rf1 83. Rxf1 1-0

[Event "Airthings Masters - Torneo Preliminare"]
[Site "Internet"]
[Date "03.02.2023"]
[Round "4"]
[White "Gledura, Benjamin"]
[Black "Le, Tuan Minh"]
[Result "1/2-1/2"]
[WhiteTitle ""]
[BlackTitle ""]
[WhiteElo "2633"]
[BlackElo "2542"]
[WhiteFideId "712779"]
[BlackFideId "12401153"]
[EventDate "2023.02.03"]

1. Nf3 d5 2. g3 Nd7 3. d4 Nb6 4. Bg2 Bf5 5. O-O e6 6. Nbd2 Be7 7. c4 c6 8. Qb3
dxc4 9. Nxc4 Nxc4 10. Qxc4 Nf6 11. Ne5 O-O 12. Re1 h6 13. e4 Bh7 14. b3 Qa5 15.
Bb2 Rfd8 16. a3 Rac8 17. b4 Qa4 18. Bh3 Qb5 19. Bxe6 Qxc4 20. Bxc4 Bxe4 21. Nxf7
Kf8 22. Nxd8 Rxd8 23. Bf1 a6 24. Bg2 Bg6 25. Re2 Bf7 26. Rae1 Bd6 27. f4 Bc4 28.
Re3 Nd5 29. Re6 Nc7 30. R6e4 Ra8 31. f5 a5 32. d5 cxd5 33. Rg4 Ne8 34. Bf1 axb4
35. axb4 Bxb4 36. Ra1 Bc5+ 37. Kg2 Rxa1 38. Bxa1 b5 39. Rg6 Be7 40. Rc6 Nd6 41.
g4 h5 42. h3 hxg4 43. hxg4 b4 44. Be5 Bxf1+ 45. Kxf1 Nc4 46. Bd4 b3 47. Rc8+ Kf7
48. Rc7 b2 49. Rb7 b1=Q+ 50. Rxb1 Nd2+ 51. Ke2 Nxb1 52. Kd3 Na3 53. Bxg7 Kxg7
54. Kd4 Bg5 55. Kxd5 Nc2 56. f6+ Kxf6 57. Kd6 Ne3 58. Kc5 Nxg4 59. Kd5 Kf5 60.
Kd4 Nf6 61. Kc5 Ke5 62. Kc4 Be3 63. Kd3 Bd4 64. Kc4 Ke4 65. Kb5 Kd5 66. Kb4 Ne8
67. Kb3 Ke4 68. Kc4 Nd6+ 69. Kb4 Kd3 70. Ka5 Kc4 71. Ka6 Bc5 72. Ka5 Kd5 73. Ka6
Kc6 74. Ka5 Bd4 75. Kb4 Kd5 76. Ka5 Kc6 77. Kb4 Kb6 78. Kb3 Kb5 79. Kc2 Kc4 80.
Kd2 Bc5 81. Ke2 Kd4 82. Kf3 Ke5 83. Kg4 Nf7 84. Kf3 Kf5 85. Kg3 Ke4 86. Kg4 Bd6
87. Kh3 Kf5 88. Kg2 Kf4 89. Kh3 Be7 90. Kg2 Ne5 91. Kh2 Kf3 92. Kh1 Nd3 93. Kg1
Nf2 94. Kf1 Bd6 95. Kg1 Be5 96. Kf1 Bh2 97. Ke1 Ne4 98. Kf1 Nd2+ 99. Ke1 Ke3
100. Kd1 Kd3 101. Ke1 Bg3+ 102. Kd1 Ne4 103. Kc1 Nc3 104. Kb2 Kc4 105. Ka3 Be5
106. Kb2 Bd6 107. Kc2 Bf4 108. Kb2 Kd3 1/2-1/2

[Event "Airthings Masters - Torneo Preliminare"]
[Site "Internet"]
[Date "03.02.2023"]
[Round "4"]
[White "Robson, Ray"]
[Black "Yakubboev, Nodirbek"]
[Result "1/2-1/2"]
[WhiteTitle ""]
[BlackTitle ""]
[WhiteElo "2702"]
[BlackElo "2630"]
[WhiteFideId "2023970"]
[BlackFideId "14203987"]
[EventDate "2023.02.03"]

1. e4 c5 2. Nf3 Nc6 3. Bb5 e6 4. O-O Nge7 5. Re1 h6 6. b3 a6 7. Bf1 e5 8. c3 g5
9. d4 exd4 10. cxd4 Bg7 11. Bb2 O-O 12. Qd2 g4 13. Ne5 d6 14. Nxc6 Nxc6 15. dxc5
dxc5 16. Bxg7 Kxg7 17. Qe3 Qd4 18. Nc3 Qxe3 19. Rxe3 Nd4 20. Rc1 b6 21. Nd5 Rb8
22. b4 Rd8 23. bxc5 bxc5 24. Rxc5 Rb1 25. Rc4 a5 26. Rxd4 Ba6 27. Red3 Bxd3 28.
Rxd3 Ra1 29. a3 Rb8 30. Ne3 h5 31. f3 gxf3 32. gxf3 Rb2 33. h4 Rba2 34. Nf5+ Kf6
35. f4 Kg6 36. Rg3+ Kf6 37. Rd3 Kg6 38. Rd6+ Kh7 39. Rh6+ Kg8 40. Rxh5 Rxa3 41.
Rg5+ Kh8 42. Rh5+ Kg8 43. Rg5+ Kh8 44. Kf2 Rc3 45. Rh5+ Kg8 46. Rg5+ Kh8 47. Be2
Ra2 48. Rh5+ Kg8 49. Rg5+ Kh8 50. e5 a4 51. Rh5+ Kg8 52. Rg5+ Kf8 53. Rg1 a3 54.
Rd1 Kg8 55. Rd8+ Kh7 56. Rd7 Kg6 57. Ne7+ Kh6 58. Nf5+ Kg6 59. Ne7+ Kh6 60. h5
Rcc2 61. Nf5+ Kh7 62. Rxf7+ Kg8 63. Rg7+ Kf8 64. h6 Rxe2+ 65. Kf3 Rf2+ 66. Ke4
Rae2+ 67. Kd5 a2 68. Ra7 Rh2 69. e6 Kg8 70. Ne7+ Kh7 71. Nf5+ Kg6 72. Nd4 Re1
73. f5+ Kxh6 74. f6 a1=Q 75. Rxa1 Rxa1 76. e7 Rh5+ 77. Kc4 Ra4+ 78. Kb3 Rxd4 79.
f7 Re5 80. f8=Q+ Kg6 81. e8=Q+ Rxe8 82. Qxe8+ Kf5 83. Kc3 Rf4 84. Kd3 Kg4 85.
Qg6+ Kh4 86. Ke3 Rf1 87. Qh6+ Kg4 88. Qg7+ Kh5 89. Qg3 Rf5 90. Ke4 Rf6 91. Ke5
Rf7 92. Qh2+ Kg4 93. Qg2+ Kh4 94. Qg6 Rf3 95. Ke4 Rf2 96. Kd3 Rf3+ 97. Ke2 Rf4
98. Ke3 Rf1 99. Qg7 Kh5 100. Qe5+ Kg4 101. Qe4+ Kg3 102. Qg6+ Kh4 1/2-1/2

[Event "Airthings Masters - Torneo Preliminare"]
[Site "Internet"]
[Date "03.02.2023"]
[Round "5"]
[White "Oparin, Grigoriy"]
[Black "Gledura, Benjamin"]
[Result "1-0"]
[WhiteTitle ""]
[BlackTitle ""]
[WhiteElo "2667"]
[BlackElo "2633"]
[WhiteFideId "24125890"]
[BlackFideId "712779"]
[EventDate "2023.02.03"]

1. d4 d5 2. c4 c6 3. Nf3 Nf6 4. Nc3 a6 5. e3 Bf5 6. Ne5 Qc7 7. Bd2 e6 8. g4 Be4
9. f3 Bg6 10. h4 h5 11. g5 Ng8 12. Nxg6 fxg6 13. Bh3 Kf7 14. Qc2 Ne7 15. O-O-O
Nf5 16. e4 dxe4 17. Bxf5 gxf5 18. fxe4 g6 19. d5 cxd5 20. cxd5 exd5 21. exf5 d4
22. fxg6+ Kg7 23. Rhf1 1-0

[Event "Airthings Masters - Torneo Preliminare"]
[Site "Internet"]
[Date "03.02.2023"]
[Round "5"]
[White "Jumabayev, Rinat"]
[Black "Drygalov, Sergey"]
[Result "0-1"]
[WhiteTitle ""]
[BlackTitle ""]
[WhiteElo "2609"]
[BlackElo "2547"]
[WhiteFideId "13702661"]
[BlackFideId "24171743"]
[EventDate "2023.02.03"]

1. e4 c5 2. Nf3 d6 3. d4 cxd4 4. Qxd4 Nf6 5. Bb5+ Bd7 6. c4 a6 7. Bxd7+ Nbxd7 8.
Nc3 g6 9. O-O Bg7 10. h3 O-O 11. Qd3 Rc8 12. Bd2 Nc5 13. Qe2 Nfd7 14. Rfd1 Ne6
15. Rac1 Re8 16. b3 Ne5 17. Be3 Nxf3+ 18. Qxf3 b5 19. Nd5 bxc4 20. Nb6 Rc6 21.
Nxc4 Qc7 22. e5 Rc8 23. exd6 exd6 24. Nb6 Nd4 25. Qg3 Ne2+ 0-1

[Event "Airthings Masters - Torneo Preliminare"]
[Site "Internet"]
[Date "03.02.2023"]
[Round "5"]
[White "Svidler, Peter"]
[Black "Narayanan, S.L."]
[Result "0-1"]
[WhiteTitle ""]
[BlackTitle ""]
[WhiteElo "2683"]
[BlackElo "2669"]
[WhiteFideId "4102142"]
[BlackFideId "5058422"]
[EventDate "2023.02.03"]

1. e4 e5 2. Nf3 Nc6 3. Bb5 a6 4. Ba4 Nf6 5. O-O Be7 6. Re1 b5 7. Bb3 O-O 8. d3
d6 9. c3 h6 10. a4 Rb8 11. axb5 axb5 12. d4 exd4 13. cxd4 Bg4 14. Nc3 Nb4 15. h3
Bh5 16. g4 Bg6 17. e5 Nd7 18. Qc2 0-1

[Event "Airthings Masters - Torneo Preliminare"]
[Site "Internet"]
[Date "03.02.2023"]
[Round "5"]
[White "Ivanchuk, Vasyl"]
[Black "Timofeev, Artyom"]
[Result "1-0"]
[WhiteTitle ""]
[BlackTitle ""]
[WhiteElo "2664"]
[BlackElo "2567"]
[WhiteFideId "14100010"]
[BlackFideId "4140419"]
[EventDate "2023.02.03"]

1. e4 c5 2. Nf3 Nc6 3. d4 cxd4 4. Nxd4 e5 5. Nb5 a6 6. Nd6+ Bxd6 7. Qxd6 Qe7 8.
Qd3 Nf6 9. Nc3 h6 10. Be3 b5 11. O-O-O Bb7 12. f3 Nb4 13. Qd6 Qxd6 14. Rxd6 Rc8
15. Be2 Nc6 16. Rhd1 Ne7 17. a4 b4 18. Rb6 bxc3 19. Rxb7 d5 20. Bxa6 d4 21. Bb5+
Kf8 22. Bf2 Ne8 23. bxc3 Nd6 24. Rb6 Nxb5 25. Rxb5 Rxc3 26. Rxe5 Nc6 27. Bxd4 1-0

[Event "Airthings Masters - Torneo Preliminare"]
[Site "Internet"]
[Date "03.02.2023"]
[Round "5"]
[White "Demidov, Mikhail"]
[Black "Dreev, Aleksey"]
[Result "1/2-1/2"]
[WhiteTitle ""]
[BlackTitle ""]
[WhiteElo "2575"]
[BlackElo "2606"]
[WhiteFideId "4197143"]
[BlackFideId "4100107"]
[EventDate "2023.02.03"]

1. Nf3 d5 2. d4 Nf6 3. Bf4 c5 4. dxc5 e6 5. e3 Bxc5 6. Be2 Nc6 7. O-O O-O 8. c4
a6 9. Nc3 dxc4 10. Bxc4 b5 11. Be2 Bb7 12. Rc1 Qb6 13. Qc2 Nb4 14. Qb1 Nbd5 15.
Nxd5 Nxd5 16. Bg3 Rac8 17. Rcd1 Nf6 18. Ne5 Rfd8 19. Bf3 1/2-1/2

[Event "Airthings Masters - Torneo Preliminare"]
[Site "Internet"]
[Date "03.02.2023"]
[Round "5"]
[White "Sjugirov, Sanan"]
[Black "Arjun, Kalyan"]
[Result "1-0"]
[WhiteTitle ""]
[BlackTitle ""]
[WhiteElo "2712"]
[BlackElo "2516"]
[WhiteFideId "4189302"]
[BlackFideId "35018701"]
[EventDate "2023.02.03"]

1. e4 e5 2. Nf3 Nc6 3. Bb5 a6 4. Ba4 Nf6 5. O-O b5 6. Bb3 Bc5 7. a4 Rb8 8. c3 d6
9. d4 Bb6 10. a5 Ba7 11. Be3 Bg4 12. Nbd2 exd4 13. cxd4 O-O 14. h3 Bh5 15. Qc1
Nb4 16. Qc3 c5 17. dxc5 dxc5 18. Bg5 h6 19. Bh4 Bxf3 20. Nxf3 Nc6 21. e5 g5 22.
exf6 gxh4 23. Rad1 Nd4 24. Nxd4 cxd4 25. Qf3 Kh8 26. Qf4 1-0

[Event "Airthings Masters - Torneo Preliminare"]
[Site "Internet"]
[Date "03.02.2023"]
[Round "5"]
[White "Kaufman, Lawrence"]
[Black "Bernadskiy, Vitaliy"]
[Result "0-1"]
[WhiteTitle ""]
[BlackTitle ""]
[WhiteElo "2188"]
[BlackElo "2612"]
[WhiteFideId "2000555"]
[BlackFideId "14100371"]
[EventDate "2023.02.03"]

1. e4 c5 2. Nf3 Nc6 3. Bb5 g6 4. O-O Bg7 5. c3 Nf6 6. e5 Nd5 7. d4 cxd4 8. cxd4
O-O 9. Nc3 Nxc3 10. bxc3 d6 11. exd6 Qxd6 12. a4 Bf5 13. Re1 Qc7 14. Ba3 Rfe8
15. Rc1 Na5 16. Bxe8 Rxe8 17. Ne5 Bh6 18. Bb4 Bxc1 19. Qxc1 f6 20. Nf3 Nc4 21.
h3 a5 22. Ba3 Qd7 23. Nd2 Nb6 24. Ne4 Bxe4 25. Rxe4 Nxa4 26. Rh4 b5 27. Qh6 e6
28. Rf4 Qg7 29. Qh4 g5 30. Qh5 Qf7 31. Qxf7+ Kxf7 32. Rf3 Rc8 33. Bd6 Rxc3 0-1